00527nam a2200109Ia 4500008004100000020002200041100002500063245024500088260004800333300001900381650001700400200619s9999 xx 000 0 und d a978-971-98-0451-2 aNuncio, Rhoderick V. cRhoderick V. Nuncio, Elizabeth Morales-Nuncio, Rogelio Valenzuela, Vilma Alcantara-Malabuyoc, Aileen Joy G. Saul, Jean Marie Dealino-Gragasin, Ma. Anna Villanueva.--aSidhaya 11:bKomunikasyon at pananaliksik sa wika at kulturang pilipino / aQuezon City :bC & E Publishing, Inc.c2016 avii, 361 pages aPananaliksik